000 00514nam a2200181Ia 4500
003 GCL
008 140319s9999 xx 000 0 eng d
040 _aGCL /
_cGCL
082 0 4 _a909.03
_bP D
100 1 _aPALMOWSKI, JAN
245 1 0 _aA DICTIONARY OF TWENTIETH - CENTURY WORLD HISTORY /
_cPALMOWSKI, JAN
260 _a[S.N] :
_bOXFORD UNIVERSITY PRESS ،
_c1997
300 _a693 P
650 0 4 _aHISTORY
650 0 4 _aWORLD HISTORY - DICTIONARY
650 0 4 _aWORLD HISTORY - 20TH CENTURY
942 _2ddc
_cBK
999 _c15842
_d15842